<?xml version="1.0" encoding="UTF-8"?>
<record
    xmlns:xsi="http://www.w3.org/2001/XMLSchema-instance"
    xsi:schemaLocation="http://www.loc.gov/MARC21/slim http://www.loc.gov/standards/marcxml/schema/MARC21slim.xsd"
    xmlns="http://www.loc.gov/MARC21/slim">

  <leader>03469nam a2200493Ii 4500</leader>
  <controlfield tag="001">DIGARTEP0226</controlfield>
  <controlfield tag="003">NyNyDIG</controlfield>
  <controlfield tag="008">161127s2006    txu     ob    000 0 eng d</controlfield>
  <controlfield tag="006">m     o  d        </controlfield>
  <controlfield tag="007">cr |||||||||||</controlfield>
  <datafield tag="040" ind1=" " ind2=" ">
    <subfield code="a">DGITA</subfield>
    <subfield code="b">eng</subfield>
    <subfield code="e">rda</subfield>
    <subfield code="e">pn</subfield>
    <subfield code="c">DGITA</subfield>
  </datafield>
  <datafield tag="020" ind1=" " ind2=" ">
    <subfield code="a">9781611922660</subfield>
    <subfield code="q">(eBook)</subfield>
  </datafield>
  <datafield tag="020" ind1=" " ind2=" ">
    <subfield code="a">1611922666</subfield>
    <subfield code="q">(eBook)</subfield>
  </datafield>
  <datafield tag="020" ind1=" " ind2=" ">
    <subfield code="z">9781558853713</subfield>
  </datafield>
  <datafield tag="020" ind1=" " ind2=" ">
    <subfield code="z">1558853715</subfield>
  </datafield>
  <datafield tag="035" ind1=" " ind2=" ">
    <subfield code="a">(OCoLC)794492140</subfield>
  </datafield>
  <datafield tag="050" ind1="1" ind2="4">
    <subfield code="a">PS153.H56  ebook</subfield>
  </datafield>
  <datafield tag="082" ind1="0" ind2="4">
    <subfield code="a">810.8968</subfield>
    <subfield code="2">23</subfield>
  </datafield>
  <datafield tag="245" ind1="0" ind2="0">
    <subfield code="a">Recovering the U.S. Hispanic literary heritage.</subfield>
    <subfield code="n">Volume V /</subfield>
    <subfield code="c">edited by Kenya Dworkin y M&#xE9;ndez and Agnes Lugo-Ortiz.</subfield>
  </datafield>
  <datafield tag="264" ind1=" " ind2="1">
    <subfield code="a">Houston, Texas :</subfield>
    <subfield code="b">Arte P&#xFA;blico Press,</subfield>
    <subfield code="c">[2006]</subfield>
  </datafield>
  <datafield tag="300" ind1=" " ind2=" ">
    <subfield code="a">1 online resource.</subfield>
  </datafield>
  <datafield tag="336" ind1=" " ind2=" ">
    <subfield code="a">text</subfield>
    <subfield code="b">txt</subfield>
    <subfield code="2">rdacontent</subfield>
  </datafield>
  <datafield tag="337" ind1=" " ind2=" ">
    <subfield code="a">computer</subfield>
    <subfield code="b">c</subfield>
    <subfield code="2">rdamedia</subfield>
  </datafield>
  <datafield tag="338" ind1=" " ind2=" ">
    <subfield code="a">online resource</subfield>
    <subfield code="b">cr</subfield>
    <subfield code="2">rdacarrier</subfield>
  </datafield>
  <datafield tag="490" ind1="1" ind2=" ">
    <subfield code="a">Recovering the U.S. Hispanic literary heritage</subfield>
  </datafield>
  <datafield tag="504" ind1=" " ind2=" ">
    <subfield code="a">Includes bibliographical references.</subfield>
  </datafield>
  <datafield tag="505" ind1="0" ind2=" ">
    <subfield code="a">Introduction / Kenya Dworkin y M&#xE9;ndez, and Agnes Lugo-Ortiz -- Subject to the border : the stranger case of Jos&#xE9; Agust&#xED;n Quntero / Kirsten Solva Gruesz -- Am&#xE9;rico Paredes' 'George Washington G&#xF3;mez' and U.S. patriotic mythology / Roumiana Velikova -- Bending Chicano identity and experience in Arturo Isla's Early borderland short stories / Frederick Luis Aldama -- "La hermana lengua de Cervantes" : an aesthetic and utilitarian defense of Spanish in New Mexico and its implications fro cultural citizenship / Erlinda Gonzales-Berry -- La prensa puertorrique&#xF1;a en Nueva York ante el discurso colonial : reescritura de un imaginario nacional / Edwin Karli Padilla Aponte -- Recovering Mexican America in the classroom / John-Michael Rivera -- Finding the voices : the Nuevomexicano cuentos of the WPA / Tey Diana Rebolledo -- "Hijos de la refolufia" : performing the pachuco in the Mexican American " Carpa" / Peter C. Haney -- La antolog&#xED;a y el archivo : reflexiones en torno a 'Herencia, En otra voz' y los limites de un saber / Agnes Lugo-Ortiz -- The Land Act of 1851 as the Handmaiden of Manifest Destiny / Rosaura S&#xE1;nchez -- Ruiz de Burton's Questioning of "Manifest Destiny" / Beatrice Pita -- Novelas mexicanas y chicanas publicadas en los Estados Unidos : recuento bibliogr&#xE1;fico / Luis Leal -- Early New Mexican criticism : the case of 'Breve Rese&#xF1;a de la literatura hispana de Nuevo M&#xE9;xico y Colorado' / Francisco A. Lomel&#xED;.</subfield>
  </datafield>
  <datafield tag="546" ind1=" " ind2=" ">
    <subfield code="a">English and Spanish.</subfield>
  </datafield>
  <datafield tag="588" ind1="0" ind2=" ">
    <subfield code="a">Online resource; title from PDF title page (Digitalia, viewed November 28, 2016)</subfield>
  </datafield>
  <datafield tag="650" ind1=" " ind2="0">
    <subfield code="a">American literature</subfield>
    <subfield code="x">Hispanic American authors</subfield>
    <subfield code="x">History and criticism.</subfield>
  </datafield>
  <datafield tag="650" ind1=" " ind2="0">
    <subfield code="a">Hispanic American literature (Spanish)</subfield>
    <subfield code="x">History and criticism.</subfield>
  </datafield>
  <datafield tag="650" ind1=" " ind2="0">
    <subfield code="a">Hispanic Americans</subfield>
    <subfield code="x">Intellectual life.</subfield>
  </datafield>
  <datafield tag="650" ind1=" " ind2="0">
    <subfield code="a">Hispanic Americans in literature.</subfield>
  </datafield>
  <datafield tag="655" ind1=" " ind2="0">
    <subfield code="a">Electronic books.</subfield>
  </datafield>
  <datafield tag="700" ind1="1" ind2=" ">
    <subfield code="a">Dworkin y M&#xE9;ndez, Kenya,</subfield>
    <subfield code="e">editor.</subfield>
  </datafield>
  <datafield tag="700" ind1="1" ind2=" ">
    <subfield code="a">Lugo-Ortiz, Agnes I.,</subfield>
    <subfield code="e">editor.</subfield>
  </datafield>
  <datafield tag="791" ind1="2" ind2=" ">
    <subfield code="a">Digitalia (Firm),</subfield>
    <subfield code="e">distributor.</subfield>
  </datafield>
  <datafield tag="793" ind1="0" ind2=" ">
    <subfield code="g">Digitalia eBook Collection:</subfield>
    <subfield code="a">Arte P&#xFA;blico Press.</subfield>
  </datafield>
  <datafield tag="776" ind1="0" ind2="8">
    <subfield code="i">Print version:</subfield>
    <subfield code="t">Recovering the U.S. Hispanic literary heritage. Volume V.</subfield>
    <subfield code="d">Houston : Arte P&#xFA;blico Press, 2006</subfield>
    <subfield code="z">1558853715</subfield>
    <subfield code="w">(DLC)   92045114</subfield>
    <subfield code="w">(OCoLC)69119341</subfield>
  </datafield>
  <datafield tag="830" ind1=" " ind2="0">
    <subfield code="a">Recovering the U.S. Hispanic Literary Heritage Project publication.</subfield>
  </datafield>
  <datafield tag="856" ind1="4" ind2="0">
    <subfield code="3">Digitalia Hisp&#xE1;nica</subfield>
    <subfield code="u">https://www.digitaliapublishing.com/a/38543/</subfield>
  </datafield>
  <datafield tag="910" ind1=" " ind2=" ">
    <subfield code="a">Premium Collection: 2016</subfield>
  </datafield>
  <datafield tag="942" ind1=" " ind2=" ">
    <subfield code="c">RAA</subfield>
  </datafield>
  <datafield tag="952" ind1=" " ind2=" ">
    <subfield code="0">0</subfield>
    <subfield code="1">0</subfield>
    <subfield code="4">0</subfield>
    <subfield code="7">0</subfield>
    <subfield code="8">DEH</subfield>
    <subfield code="a">BD-UIN</subfield>
    <subfield code="b">BD-UIN</subfield>
    <subfield code="d">2025-04-25</subfield>
    <subfield code="l">0</subfield>
    <subfield code="r">2025-04-25</subfield>
    <subfield code="w">2025-04-25</subfield>
    <subfield code="y">RAA</subfield>
  </datafield>
  <datafield tag="999" ind1=" " ind2=" ">
    <subfield code="c">244445</subfield>
    <subfield code="d">244445</subfield>
  </datafield>
</record>
